[Event "Hessen-ch op"]
[Site "Baunatal"]
[Date "1999.03.29"]
[Round "6"]
[White "Rueger, Erhard"]
[Black "Petri, Klaus"]
[Result "1/2-1/2"]
[WhiteElo "2185"]
[BlackElo "2190"]

1.Nf3 d5 2.g3 Bg4 3.Bg2 Nd7 4.c4 e6 5.cxd5 exd5 6.Qa4 Nf6 7.d3 Bd6 8.O-O O-O
9.Nc3 c6 10.a3 a5 11.Be3 Re8 12.Qc2 Ne5 13.Nxe5 Bxe5 14.d4 Bd6 15.Bg5 h6
16.Bxf6 Qxf6 17.Qd2 Qg5 18.Qxg5 hxg5 19.f3 Be6 20.e4 dxe4 21.fxe4 Rad8 22.Rac1 g6
23.e5 Bb8 24.Ne4 Rxd4 25.Nf6+ Kf8 26.Nxe8 Kxe8 27.Rc5 Ba7 28.Rxa5 Ra4+ 29.Rxa7 Rxa7
30.Re1 Ra8 31.Kf2 Rd8 32.Ke3 Ke7 33.Rc1 Bf5 34.Rc3 Ke6 35.b4 Kxe5  1/2-1/2

[Event "Julian Borowski GM"]
[Site "Essen"]
[Date "1999.03.29"]
[Round "3"]
[White "Podzielny, Karl Heinz"]
[Black "Zvjaginsev, Vadim"]
[Result "1/2-1/2"]
[WhiteElo "2499"]
[BlackElo "2658"]

1.Nf3 d5 2.g3 g6 3.Bg2 Bg7 4.O-O Nf6 5.c4 c6 6.Qc2 O-O 7.b3 Bg4 8.Bb2 Nbd7
9.d3 Re8 10.Nbd2 e5 11.e4 a5 12.Rfe1 dxe4 13.dxe4 Qe7 14.h3 Bxf3 15.Nxf3 Red8
16.Rad1 Ne8 17.h4 Nc7 18.Bh3 Nc5 19.Bc3 b6 20.Kg2 h5 21.a3 f6 22.b4 axb4
23.axb4 N5e6 24.Rxd8+ Qxd8 25.Rd1 Qe7 26.c5 bxc5 27.bxc5 Qxc5 28.Qb3 Re8
29.Bb4 Qb5 30.Rd6 Kh8 31.Bxe6 Nxe6 32.Rxe6 Rxe6 33.Qxe6 Qxb4  1/2-1/2

[Event "MI Festival"]
[Site "Bucharest"]
[Date "1999.03.30"]
[Round "11"]
[White "Istrate, Bogdan"]
[Black "Ionescu Brandis, Irina"]
[Result "1/2-1/2"]
[WhiteElo "2333"]
[BlackElo "2281"]

1.Nf3 d5 2.g3 Bg4 3.Bg2 c6 4.c4 e6 5.Nc3 Nd7 6.cxd5 Bxf3 7.Bxf3 cxd5 8.d4 Ngf6
9.Bf4 Be7 10.O-O O-O 11.a4 Qa5 12.Qb3 Nb6 13.Qb5 Qxb5 14.axb5 Rfc8 15.Ra2 Rc4
16.Rfa1 Nc8 17.Ra4 Rxa4 18.Nxa4 Bd6 19.Bg5 Nd7 20.Rc1 h6 21.Bd2 Ndb6 22.Nc5 Nc4
23.Bc3 b6 24.Na6 Ne7 25.e3 Rc8 26.Be2 g6 27.Kf1 Nf5 28.g4 Ng7 29.h3 Ne8 30.Ke1 Bf8
31.Bb4 Bxb4+ 32.Nxb4 Ned6 33.Nc6 Rc7 34.Ne5 Nxb5 35.Nxc4 dxc4 36.Rxc4 Kf8
37.Rxc7 Nxc7 38.e4 Ke7 39.Kd2 Kd6 40.Ke3 Ne8 41.f4 Nc7 42.h4 a5 43.e5+ Kc6
44.Ke4 b5 45.h5 gxh5 46.g5 hxg5 47.fxg5 Kd7 48.Bxh5 Ke7 49.Be2 Kf8 50.Bd3 Kg7
51.Ke3 Kf8  1/2-1/2

[Event "Mar del Plata op 30th"]
[Site "Mar del Plata"]
[Date "1999.03.31"]
[Round "5"]
[White "Sola, Ruben"]
[Black "Vasta, Eduardo"]
[Result "1/2-1/2"]
[WhiteElo "2265"]
[BlackElo "2375"]

1.Nf3 d5 2.g3 g6 3.Bg2 Bg7 4.O-O e5 5.d3 Nc6 6.Nbd2 Nge7 7.c3 a5 8.Qc2 O-O
9.e4 h6 10.Re1 Be6 11.b3 f5 12.exd5 Nxd5 13.Bb2 Bf7 14.a3 Re8 15.Rad1 g5
16.c4 Nb6 17.Nf1 Qf6  1/2-1/2

[Event "Mar del Plata op 30th"]
[Site "Mar del Plata"]
[Date "1999.04.01"]
[Round "6"]
[White "Del Castillo, Gustavo"]
[Black "Kanefsck, Gustavo"]
[Result "1/2-1/2"]
[WhiteElo "2288"]
[BlackElo "2391"]

1.Nf3 d5 2.g3 Nf6 3.Bg2 c6 4.d3 Bf5 5.O-O e6 6.Nbd2 h6 7.b3 Be7 8.Bb2 O-O
9.Qe1 Bh7 10.e4 a5 11.a4 Na6 12.Qe2 Nb4 13.Ne1 Rc8 14.Kh1 Ne8 15.e5 Nc7 16.Bh3 c5
17.f4 Kh8 18.Ndf3 Nc6 19.Ng2 f5 20.exf6 Bxf6 21.Ne5 Qe8 22.Rae1 Rd8 23.Bg4 d4
24.Bh5 g6 25.Nxc6 bxc6 26.Bf3 Qd7 27.Bc1 Rfe8 28.Qf2 Nd5 29.Bd2 Ra8 30.Bd1 Bg8
31.Bf3 Bf7 32.Re2 h5 33.Ne1 Qc7 34.Bg2  1/2-1/2

[Event "Rheinhessen-ch MT2"]
[Site "Woerrstadt"]
[Date "1999.04.01"]
[Round "7"]
[White "Schertz, Florian"]
[Black "Dillmann, Markus"]
[Result "1-0"]
[WhiteElo "1917"]
[BlackElo "1942"]

1.Nf3 d5 2.g3 Nf6 3.Bg2 g6 4.O-O Bg7 5.d3 O-O 6.Nbd2 d4 7.Nb3 Nc6 8.e3 dxe3
9.fxe3 a5 10.a4 Qd6 11.Nfd2 Be6 12.e4 Ng4 13.Qe2 Bd4+ 14.Kh1 Ne3 15.e5 Nxe5
16.Nxd4 Nxf1 17.Nb5 Qb6 18.Nxf1 Ng4 19.Ne3 c6 20.Nxg4 Bxg4 21.Qxg4 cxb5 22.Bh6 Rfc8
23.Qe2 bxa4 24.Qxe7 Rc7 25.Qe5 f6 26.Qe2 Qxb2 27.Qe6+  1-0

[Event "Rheinhessen-ch MT2"]
[Site "Woerrstadt"]
[Date "1999.04.01"]
[Round "7"]
[White "Pela, Edward"]
[Black "Fuehrer, Michael"]
[Result "1-0"]
[WhiteElo "1993"]
[BlackElo "1872"]

1.Nf3 d5 2.g3 c5 3.Bg2 Nc6 4.d4 e6 5.O-O Nf6 6.c4 cxd4 7.Nxd4 Bc5 8.Nb3 Bb6
9.Nc3 d4 10.Na4 e5 11.Bg5 Be6 12.Nbc5 Bc8 13.Ne4 Bf5 14.Nac5 Bxc5 15.Nxc5 Qb6
16.Bxf6 gxf6 17.Ne4 Bxe4 18.Bxe4 h5 19.Qa4 O-O-O 20.b4 h4 21.c5 Qc7 22.b5 Ne7
23.Qxa7 f5 24.b6 Qb8 25.c6 Rd6 26.cxb7+ Kd7 27.Bg2 e4 28.Rfc1 hxg3 29.hxg3 Nd5
30.Rab1 Nc3 31.Rb2 Rc6 32.Re1 Rc4 33.Qa5 Ke6 34.Rb5 Nxe2+ 35.Rxe2 Rc1+ 36.Bf1 e3
37.Rxf5 Rh1+ 38.Kxh1 Rxf1+ 39.Kg2 Qxb7+ 40.Qd5+ Qxd5+ 41.Rxd5  1-0

[Event "Neckar op 3rd"]
[Site "Deizisau"]
[Date "1999.04.02"]
[Round "2"]
[White "Haub, Thorsten Michael"]
[Black "Sussmann, Stefan"]
[Result "1-0"]
[WhiteElo "2388"]
[BlackElo "2130"]

1.Nf3 d5 2.g3 Nc6 3.Bg2 Bg4 4.c4 Nf6 5.Qa4 Qd7 6.cxd5 Nxd5 7.h3 Bf5 8.Ne5 Nxe5
9.Qxd7+ Bxd7 10.Bxd5 O-O-O 11.Nc3 f5 12.d3 Nc6 13.Be3 e5 14.Rc1 a6 15.a3 Ne7
16.Bg2 h6 17.O-O f4 18.gxf4 Nf5 19.fxe5 Nxe3 20.fxe3 Be6 21.d4 Be7 22.Ne4 Kb8
23.Nc5 Bc8 24.Rf7 Bg5 25.Rc3 Rhf8 26.Nxa6+ Ka8 27.Nxc7+ Kb8 28.Rxg7 Rg8 29.Rxg8 Rxg8
30.Nd5  1-0

[Event "IND-ch"]
[Site "Nagpur"]
[Date "1999.04.02"]
[Round "11"]
[White "Suvrajit, Saha"]
[Black "Ramesh, RB."]
[Result "1-0"]
[WhiteElo "2335"]
[BlackElo "2391"]

1.Nf3 d5 2.g3 Nf6 3.Bg2 c6 4.O-O Bg4 5.d3 Nbd7 6.Nbd2 e6 7.e4 Be7 8.h3 Bh5
9.Qe2 O-O 10.a4 dxe4 11.dxe4 e5 12.Rd1 Qc7 13.b3 Rfe8 14.Bb2 a5 15.Nc4 Bf8
16.g4 Bg6 17.Nh4 Nc5 18.Nf5 Nfd7 19.Bc3 Red8 20.Qe1 b6 21.Rd2 Ne6 22.Ncd6 Nd4
23.Bxd4 exd4 24.Rxd4 Bxf5 25.Nxf5 g6 26.Rad1 gxf5 27.Qd2 fxg4 28.hxg4 Ra7
29.Qg5+ Bg7 30.e5 Re8 31.Rxd7 Qxd7 32.Rxd7 Rxd7 33.f4 Re6 34.Qf5 Rd1+ 35.Kf2 Bf8
36.g5 h6 37.Be4 Bg7 38.gxh6 Bxh6 39.Qg4+ Kf8 40.Qxd1 Bxf4 41.Qd8+ Kg7 42.Bf5 Rxe5
43.Qd4 Kf6 44.Bh3 Kg5 45.Kf3  1-0

[Event "Dreifluesse op 7th"]
[Site "Passau"]
[Date "1999.04.02"]
[Round "1"]
[White "Schmidt, Peter"]
[Black "Dufner, Andreas"]
[Result "1-0"]
[WhiteElo "2412"]
[BlackElo "1914"]

1.Nf3 d5 2.g3 e6 3.Bg2 Bd6 4.O-O f5 5.c4 c6 6.d3 Qf6 7.e4 Ne7 8.cxd5 exd5
9.e5 Bxe5 10.Bg5 Qg6 11.Bxe7 Bxb2 12.Qe2 Bxa1 13.Bf6+ Kf8 14.Qe7+ Kg8 15.Qd8+ Kf7
16.Ng5+ Qxg5 17.Qe7+  1-0

[Event "Hessen-ch op"]
[Site "Baunatal"]
[Date "1999.04.03"]
[Round "11"]
[White "Lange, Klaus"]
[Black "Petri, Klaus"]
[Result "0-1"]
[WhiteElo "2188"]
[BlackElo "2190"]

1.Nf3 d5 2.g3 Bg4 3.Bg2 Nd7 4.c4 e6 5.cxd5 exd5 6.Qa4 Nf6 7.Nc3 c6 8.d4 Bd6
9.O-O O-O 10.Qc2 Re8 11.Re1 Qb6 12.e3 Ne4 13.Nxe4 dxe4 14.Nd2 f5 15.Nc4 Qc7
16.Qb3 Kh8 17.Bd2 Nb6 18.Ba5 h5 19.Bxb6 axb6 20.Qxb6 Qd7 21.Qb3 Bc7 22.a3 h4
23.Rac1 Rab8 24.Qc2 Re6 25.Nd2 Rh6 26.h3 Bh5 27.g4 fxg4 28.hxg4 Bxg4 29.Qxe4 h3
30.Bf3 Bf5 31.Bg4 Bxe4 32.Bxd7 h2+  0-1

[Event "Budapest FS04 IM-B"]
[Site "Budapest"]
[Date "1999.04.03"]
[Round "1"]
[White "Eperjesi, Laszlo"]
[Black "Kahn, Evarth"]
[Result "1/2-1/2"]
[WhiteElo "2329"]
[BlackElo "2296"]

1.Nf3 d5 2.g3 c6 3.Bg2 Nf6 4.b3 Bg4 5.Bb2 e6 6.O-O Be7 7.d3 Nbd7 8.Nbd2 O-O
9.h3 Bh5 10.Qe1 a5 11.a3 Re8 12.e4 dxe4  1/2-1/2

[Event "IND-ch"]
[Site "Nagpur"]
[Date "1999.04.03"]
[Round "12"]
[White "Mishra, Neeraj Kumar"]
[Black "Neelotpal, Das"]
[Result "1/2-1/2"]
[WhiteElo "2363"]
[BlackElo "2436"]

1.Nf3 d5 2.g3 c6 3.Bg2 Bg4 4.b3 e6 5.Bb2 Nf6 6.d3 Bc5 7.Nbd2 Nbd7 8.O-O O-O
9.Qe1 Re8 10.h3 Bh5 11.e4 dxe4 12.dxe4 e5 13.Nc4 Qc7 14.Nh4 b5 15.Ne3 Nf8
16.Nhf5 Ne6 17.a4 a6 18.b4 Ba7 19.Ra3 Nd4 20.g4 Bg6 21.c4 Bxf5 22.Nxf5 bxc4
23.Ne3 Rab8 24.Bc3 Nd7 25.Ra2 Nf8 26.Nxc4 Ng6 27.Kh1 Nf4 28.Bd2 Qe7 29.Qc1 Qe6
30.Bxf4 exf4 31.Ra3 Ne2 32.Qc2 Nd4 33.Qc1 f3 34.Bxf3 Nxf3 35.Rxf3 Rxb4 36.Nd2 Rxa4
37.Re1 Rd4 38.Rc3 c5 39.Qc2 h6 40.Kg2 Rb4 41.Nc4 Bb8 42.e5 Rd8 43.Qe2 Rb7
44.f4 Re7 45.Ne3 Red7 46.Qf3 Rd2+ 47.Re2 Rxe2+ 48.Qxe2 Rd4 49.Rxc5 Ba7 50.Rc7 Bb6
51.Rc4 Qd7 52.Rxd4 Qxd4 53.Nf5 Qxf4 54.e6 Bc5 55.e7 Bxe7 56.Nxe7+ Kh7 57.Qd3+ g6
58.Nd5 Qe5 59.Kf3 a5 60.Qe4 Qh2 61.Nf4 Qh1+ 62.Ke3 Qe1+ 63.Ne2 Qh4 64.Qf3 Qe7+
65.Kd2 a4 66.Kc2 Kg7 67.Qc3+ Qf6 68.Nd4 Kg8 69.Kb2 Qd6 70.Nb5 Qb6 71.Qc4 Qf2+
72.Ka3 Qf3+ 73.Qc3 Qxc3+ 74.Nxc3 f5 75.gxf5 gxf5 76.Kxa4 f4 77.Kb4 f3  1/2-1/2

[Event "Dreifluesse op 7th"]
[Site "Passau"]
[Date "1999.04.03"]
[Round "3"]
[White "Peuchert, Wolfgang"]
[Black "Korn, Alfred"]
[Result "0-1"]
[WhiteElo "1600"]
[BlackElo "1660"]

1.Nf3 d5 2.g3 Nf6 3.Bg2 Nc6 4.d3 e5 5.Nbd2 Bg4 6.h3 Bh5 7.O-O Bd6 8.Re1 Bg6
9.Nh4 O-O 10.Nxg6 fxg6 11.e4 dxe4 12.Nxe4 Qd7 13.Nxd6 cxd6 14.c3 Rae8 15.b4 a6
16.a4 Ne7 17.Qb3+ Kh8 18.Bb2 b6 19.Rad1 g5 20.b5 a5 21.Bc1 g4 22.h4 Qc7 23.Be3 Nd7
24.d4 Nf5 25.Bc6 Nxe3 26.Rxe3 Re7 27.Rde1 Ref7 28.R1e2 Nb8 29.Bd5 exd4 30.cxd4 Qc1+
31.Kg2 Rf6 32.Rc3 Qh6 33.Qc2 g5 34.Qd2 Rg6 35.Rc7 Qh5 36.Bf7 gxh4 37.d5 h3+
38.Kh2 Qf5 39.Qf4 Qxf4 40.gxf4 Rf6 41.Kg3 R6xf7 42.Rxf7 Rxf7 43.Re8+ Kg7
44.Rxb8 Rxf4 45.Rb7+ Rf7 46.Rxb6 Rf3+ 47.Kh2 Rxf2+ 48.Kg1 h2+ 49.Kh1 g3 50.Rb7+ Kg6  0-1

[Event "Dreifluesse op 7th"]
[Site "Passau"]
[Date "1999.04.03"]
[Round "3"]
[White "Klyszcz, Michael"]
[Black "Singer, Christoph"]
[Result "0-1"]
[WhiteElo "2023"]
[BlackElo "2245"]

1.Nf3 d5 2.g3 Bf5 3.Bg2 c6 4.O-O h6 5.d4 Nd7 6.Nbd2 Ngf6 7.b3 e6 8.a4 a5
9.Ba3 Bxa3 10.Rxa3 Qe7 11.Ra2 O-O 12.Re1 Qb4 13.Qa1 Ne4 14.Nxe4 Bxe4 15.c3 Qb6
16.Nd2 Bxg2 17.Kxg2 c5 18.Qb2 cxd4 19.cxd4 Rfc8 20.b4 Qxb4 21.Qxb4 axb4 22.Rb1 b5
23.a5 Nb6 24.Rxb4 Na4 25.Nb3 Rc4 26.Rxc4 dxc4 27.Nc5 Nxc5 28.dxc5 c3 29.a6 b4
30.a7 b3 31.Ra6 b2 32.Rb6 Rxa7  0-1

[Event "Dreifluesse op 7th"]
[Site "Passau"]
[Date "1999.04.03"]
[Round "3"]
[White "Wuest, Michael"]
[Black "Hiermann, Dietmar"]
[Result "0-1"]
[WhiteElo "1950"]
[BlackElo "2269"]

1.Nf3 d5 2.g3 c6 3.Bg2 Bg4 4.d3 Bxf3 5.Bxf3 Nd7 6.Bg2 e6 7.Nd2 Bd6 8.O-O Ne7
9.e4 Qc7 10.Qe2 h5 11.Nf3 dxe4 12.dxe4 Ng6 13.h4 O-O-O 14.Ng5 Nde5 15.Bh3 Bc5
16.Kg2 Qe7 17.f4 Nd7 18.f5 exf5 19.Bxf5 Ne5 20.Bf4 f6 21.Ne6 g6 22.Bh3 Rdg8
23.Rad1 Ng4 24.Bxg4 hxg4 25.Qxg4 Bb6 26.Bd6 Qh7 27.e5 g5 28.h5 Qxc2+ 29.Kh3 f5
30.Qxf5 g4+  0-1

[Event "Dreifluesse op 7th"]
[Site "Passau"]
[Date "1999.04.03"]
[Round "4"]
[White "Anger, Robert"]
[Black "Weber, Norbert"]
[Result "1/2-1/2"]
[WhiteElo "1350"]
[BlackElo "1654"]

1.Nf3 d5 2.g3 c5 3.Bg2 Nc6 4.O-O Nf6 5.d3 e6 6.Nbd2 Be7 7.Re1 O-O 8.e4 d4
9.a4 e5 10.Nc4 Bd6 11.h3 Bc7 12.Nh2 Be6 13.Na3 a6 14.Rf1 Qd7 15.g4 h6 16.f4 exf4
17.Bxf4 Ne5 18.Nf3 Ng6 19.Bxc7 Qxc7 20.Nd2 Ne5 21.b3 Nh7 22.Nac4 Bxc4 23.Nxc4 f6
24.Qd2 Ng5 25.Qa5 Qxa5 26.Nxa5 b6 27.Nc4 Rab8 28.Rab1 b5 29.Nxe5 fxe5 30.Rxf8+ Rxf8
31.axb5 axb5 32.Ra1 Rb8 33.Ra6 Kf7 34.Ra7+ Kf8 35.h4 Ne6 36.Rd7 Rd8 37.Rd5 Rxd5
38.exd5 Nf4 39.Bf3 g5 40.hxg5 hxg5 41.Kf2 Ke7 42.Be4 Kd6 43.Kf3 Nxd5 44.Ke2 Ne3
45.c4 bxc4 46.bxc4 Nxg4 47.Kf3 Nf6 48.Bf5 Kc6 49.Bg6 Kb6 50.Bf5 Ka5 51.Bg6 Kb4
52.Bf5 Kc3 53.Bg6 Kd2 54.Bf5 g4+ 55.Kf2 Kd1 56.Kf1 Kd2 57.Kf2 g3+ 58.Kxg3 Nh5+
59.Kf3 Nf4 60.Ke4 Nxd3 61.Kd5 Ke3 62.Bh7 Nb2 63.Kxc5 Nxc4 64.Kxc4 e4 65.Kd5 d3
66.Bxe4  1/2-1/2

[Event "Redbus KO"]
[Site "Southend"]
[Date "1999.04.03"]
[Round "2.2"]
[White "Rowson, Jonathan"]
[Black "Lalic, Bogdan"]
[Result "0-1"]
[WhiteElo "2494"]
[BlackElo "2549"]

1.g3 d5 2.Nf3 Bg4 3.Bg2 Nd7 4.c4 c6 5.cxd5 cxd5 6.Nc3 e6 7.Qa4 Bxf3 8.Bxf3 Nf6
9.O-O Bd6 10.e4 dxe4 11.Nxe4 Nxe4 12.Bxe4 O-O 13.d4 Nb6 14.Qc2 Rc8 15.Qd3 h6
16.Bxb7 Rc7 17.Be4 Be7 18.Bf4 Rd7 19.Be5 Bf6 20.Qb5 Bxe5 21.dxe5 Rd2 22.Qc5 Rxb2
23.a4 Qb8 24.Qd4 Nd5 25.Rfb1 Rb7 26.Rxb7 Qxb7 27.Rb1 Qa6 28.Rb5 Nb6 29.Bc2 Rc8
30.Qe4 g6 31.Bb3 Nd7 32.Qf4 Qc6 33.Bd1 a6 34.Rb3 Qd5 35.Rb1 Qd3 36.Ra1 g5
37.Qf3 Qd4 38.Rb1 Nxe5 39.Qb7 Rc6 40.Bh5 Qe4 41.h3 Rc1+  0-1

[Event "DEN-chB"]
[Site "Aarhus"]
[Date "1999.04.04"]
[Round "6"]
[White "Pedersen, Finn"]
[Black "Holmsgaard, Henrik"]
[Result "1/2-1/2"]
[WhiteElo "2295"]
[BlackElo "2317"]

1.Nf3 d5 2.g3 Bg4 3.Bg2 Nd7 4.c4 e6 5.cxd5 exd5 6.O-O Ngf6 7.d3 Be7 8.Qb3 Nc5
9.Qc2 O-O 10.Bg5 Ne6 11.Bxf6 Bxf6 12.Nbd2 Re8 13.e4  1/2-1/2

[Event "Dreifluesse op 7th"]
[Site "Passau"]
[Date "1999.04.04"]
[Round "5"]
[White "Wuest, Michael"]
[Black "Schweiger, Georg"]
[Result "0-1"]
[WhiteElo "1950"]
[BlackElo "2187"]

1.Nf3 d5 2.g3 Nf6 3.Bg2 c6 4.d3 Bf5 5.O-O e6 6.Nh4 Bg4 7.h3 Bh5 8.Nd2 Bd6
9.Nhf3 Qb6 10.Kh1 Nbd7 11.c4 a5 12.g4 Bg6 13.Nh4 Be7 14.Nxg6 hxg6 15.Kg1 Qc7
16.Nf3 dxc4 17.g5 Nh5 18.dxc4 Nf4 19.Bxf4 Qxf4 20.Qc2 Bxg5 21.e3 Qf6 22.Qe4 Rh5
23.Rfd1 Qe7 24.Nd4 Bf6 25.Qc2 Bxd4 26.Rxd4 Rh4 27.Rad1 Rxd4 28.Rxd4 e5 29.Rd1 Rd8
30.Qd2 Nc5 31.Qc2 Rxd1+ 32.Qxd1 Qd8 33.Qe1 f5 34.Qc3 Nd7 35.f4 Qc7 36.fxe5 Qxe5
37.Qd4 Ke7 38.b3 g5 39.a3 f4 40.Qxe5+ Nxe5 41.exf4 gxf4 42.Be4 Kd6 43.Kf2 g5
44.Ke2 Kc5 45.Kd2 a4 46.bxa4 Kd4 47.Bh1 Nxc4+ 48.Ke2 Nd6 49.a5 Ne4 50.Bf3 c5
51.Bg4 c4 52.Bc8 f3+ 53.Kxf3 c3 54.Bxb7 c2 55.a6 c1=Q  0-1

[Event "Dreifluesse op 7th"]
[Site "Passau"]
[Date "1999.04.04"]
[Round "5"]
[White "Klein, Hans Georg"]
[Black "Weisker, Michael"]
[Result "1/2-1/2"]
[WhiteElo "2037"]
[BlackElo "1805"]

1.Nf3 d5 2.g3 Nf6 3.Bg2 c6 4.d3 Bf5 5.O-O e6 6.Nbd2 Be7 7.Re1 h6 8.Rb1 O-O
9.b4 Bh7 10.c3 Na6 11.a3 Qc7 12.Qb3 c5 13.Ra1 cxb4 14.cxb4 Rfc8 15.Bb2 Qd8
16.Rac1 Rxc1 17.Rxc1 Rc8 18.Rc3 Rxc3 19.Qxc3 Qc7 20.Nb3 Qxc3 21.Bxc3 Bd8
22.Ne5 Nc7 23.Bb2 Nce8 24.Bd4 Bb6 25.a4 Bxd4 26.Nxd4 Nd6 27.Kf1 Kf8 28.Ke1 Ke7
29.Kd2 Nd7 30.Nxd7 Kxd7  1/2-1/2

[Event "Dreifluesse op 7th"]
[Site "Passau"]
[Date "1999.04.04"]
[Round "6"]
[White "Reinke, Werner"]
[Black "Brueckl, Edgar"]
[Result "1/2-1/2"]
[WhiteElo "1957"]
[BlackElo "1811"]

1.Nf3 d5 2.g3 Bf5 3.Bg2 Nf6 4.d3 Nbd7 5.Nh4 Bg6 6.Nxg6 hxg6 7.c4 c6 8.cxd5 Nxd5
9.Nc3 e6 10.e4 Nc7 11.d4 Nb6 12.O-O Qd7 13.Na4 Nxa4 14.Qxa4 Be7 15.Rd1 O-O
16.Be3 Rfd8 17.Rd2 c5 18.Qxd7 Rxd7 19.d5 exd5 20.exd5 Bd6 21.Rc1 b6  1/2-1/2

[Event "EST-chT"]
[Site "Tallinn"]
[Date "1999.04.04"]
[Round "4"]
[White "Olde, Hendrik"]
[Black "Narva, Jaan"]
[Result "0-1"]
[WhiteElo "2368"]
[BlackElo "2320"]

1.Nf3 d5 2.g3 c5 3.Bg2 Nc6 4.d4 Nf6 5.O-O e6 6.c3 b6 7.Nbd2 Be7 8.b3 O-O
9.Bb2 Ba6 10.Re1 Rc8 11.Rc1 cxd4 12.cxd4 Bb4 13.a3 Bxd2 14.Nxd2 Qd6 15.e4 dxe4
16.Nxe4 Nxe4 17.Rxe4 Ne7 18.Re1 Rxc1 19.Qxc1 Rd8 20.Qg5 h6 21.Qh5 Bd3 22.Qf3 Bb5
23.Rc1 Nd5 24.Qe4 Bc6 25.Qe5 Qd7 26.h3 Rc8 27.Kh2 Nf6 28.d5 Bxd5 29.Bxd5 exd5
30.Rxc8+ Qxc8 31.Qf4 Qc6 32.Qb8+ Kh7 33.Qxa7 Qc5 34.Kg2 d4 35.Qxf7 Qc6+ 36.Kh2 Qf3
37.Kg1 Qe2 38.Bxd4 Qd1+ 39.Kg2 Qxd4 40.a4 Qe4+ 41.Kg1 Nd5 42.h4 Qb1+ 43.Kg2 Qxb3
44.Qf5+ Kg8 45.Qe6+ Kf8 46.Qd6+ Kf7 47.h5 Nf6 48.Qc7+ Kg8 49.Qc8+ Kh7 50.Qf5+ Kh8
51.f3 Qa2+ 52.Kh3 Qxa4 53.g4 Qd7 54.Qe5 b5 55.Kg3 Qd5 56.Qc7 Qc4 57.Qe5 b4
58.g5 hxg5 59.Qxg5 Qd5 60.Qg6 Nxh5+ 61.Kf2 b3 62.Qb6 Qd2+  0-1

[Event "Dreifluesse op 7th"]
[Site "Passau"]
[Date "1999.04.05"]
[Round "7"]
[White "Ebner, Josef"]
[Black "Weisker, Michael"]
[Result "1-0"]
[WhiteElo "2105"]
[BlackElo "1805"]

1.Nf3 d5 2.g3 Nf6 3.Bg2 c6 4.O-O Bf5 5.d3 e6 6.Nbd2 Be7 7.b3 O-O 8.Bb2 h6
9.Qe1 c5 10.e4 Bh7 11.Qe2 Nc6 12.a3 Rc8 13.Rfe1 Re8 14.Rad1 Kf8 15.h3 Nd4
16.Nxd4 cxd4 17.e5 Nd7 18.Nf3 Bc5 19.b4  1-0

[Event "St Petersburg-ch"]
[Site "St Petersburg"]
[Date "1999.04.05"]
[Round "3"]
[White "Loginov, Valery A"]
[Black "Begunov, K."]
[Result "1-0"]
[WhiteElo "2532"]
[BlackElo "2310"]

1.Nf3 d5 2.g3 c6 3.Bg2 Bf5 4.c4 e6 5.cxd5 exd5 6.O-O Nf6 7.d3 Be7 8.Qc2 O-O
9.Nbd2 Na6 10.a3 Qc8 11.b4 Nc7 12.Nb3 Bh3 13.Bb2 Re8 14.Rfe1 Bxg2 15.Kxg2 Nh5
16.h3 Bf6 17.Bxf6 Nxf6 18.e4 dxe4 19.dxe4 Ne6 20.e5 Nd5 21.Re4 Qc7 22.Rae1 Rad8
23.Nbd4 Nxd4 24.Nxd4 g6 25.h4 Qb6 26.Nf3 Nc7 27.h5 Ne6 28.Rh1 Qb5 29.hxg6 fxg6
30.Reh4 Qd5 31.Rxh7 Qxf3+ 32.Kxf3 Nd4+ 33.Kg4 Nxc2 34.e6 g5 35.e7 Rd4+ 36.Kxg5 Rd5+
37.Kg4 Rd4+ 38.f4 Re4 39.Kf5  1-0

[Event "St Petersburg-ch"]
[Site "St Petersburg"]
[Date "1999.04.05"]
[Round "3"]
[White "Karasev, Vladimir I"]
[Black "Rusanov, Michail"]
[Result "0-1"]
[WhiteElo "2353"]
[BlackElo "2448"]

1.Nf3 d5 2.g3 c6 3.Bg2 Bg4 4.h3 Bh5 5.b3 e6 6.Bb2 Nf6 7.O-O Nbd7 8.d3 Bc5
9.c4 O-O 10.Nbd2 Re8 11.Qc2 a5 12.Rac1 Qe7 13.e4 dxe4 14.dxe4 e5 15.Nh4 Ba3
16.Nf5 Qc5 17.Bxa3 Qxa3 18.c5 a4 19.Qc3 Red8 20.g4 Bg6 21.Rfd1 Bxf5 22.exf5 Nd5
23.Bxd5 cxd5 24.b4 Qxa2 25.Ra1 d4 26.Qxd4 exd4 27.Rxa2 b5 28.Nf3 Nb8 29.Rxd4 Nc6
30.Re4 Re8 31.Rf4 Rad8 32.f6 Rd1+ 33.Kg2 gxf6 34.g5 fxg5 35.Nxg5 Rd4 36.Rxd4 Nxd4
37.Rb2 Nc6 38.Kf3 a3 39.Ra2 Ra8 40.Ne4 Nxb4 41.Ra1 a2 42.c6 Nc2 43.Rg1+ Kf8
44.c7 a1=Q 45.Rxa1 Nxa1 46.Nd6 b4  0-1

[Event "IND-ch"]
[Site "Nagpur"]
[Date "1999.04.06"]
[Round "15"]
[White "Suvrajit, Saha"]
[Black "Deshmukh, Anup"]
[Result "0-1"]
[WhiteElo "2335"]
[BlackElo "2430"]

1.Nf3 d5 2.g3 c6 3.Bg2 Bg4 4.O-O Nd7 5.d3 Ngf6 6.Nbd2 e6 7.e4 Be7 8.Qe2 dxe4
9.dxe4 e5 10.a4 O-O 11.Rd1 Qc7 12.b3 Rfe8 13.Bb2 Bc5 14.Nc4 Bh5 15.h3 b5
16.axb5 cxb5 17.Na5 a6 18.Qe1 Bb6 19.c4 Nc5 20.b4 Na4 21.Ba3 bxc4 22.Rdc1 c3
23.Qd1 Bxf2+ 24.Kxf2 Qb6+ 25.Kf1 Nxe4 26.Qe1 Bg6 27.Ra2 Nb2 28.Rxb2 cxb2
29.Bxb2 Nxg3+ 30.Qxg3 Bd3+  0-1

[Event "St Petersburg-ch"]
[Site "St Petersburg"]
[Date "1999.04.06"]
[Round "1"]
[White "Karasev, Vladimir I"]
[Black "Krasnov, Vasiliy G"]
[Result "1-0"]
[WhiteElo "2353"]
[BlackElo "2266"]

1.Nf3 d5 2.g3 c6 3.Bg2 Bf5 4.d3 Nf6 5.Nh4 Bg4 6.h3 Bc8 7.O-O e5 8.Nd2 Bd6
9.e4 h6 10.exd5 cxd5 11.c4 Be6 12.Qb3 Qb6 13.cxd5 Qxb3 14.axb3 Bxd5 15.Nf5 Bf8
16.Bxd5 Nxd5 17.Ra5 Nc7 18.Rxe5+ Kd7 19.Nf3 g6 20.N5d4 Bg7 21.Rfe1 Bf6 22.Rc5 Nc6
23.Bf4 Rac8 24.Nb5 b6 25.Rxc6 Kxc6 26.Nxa7+ Kd7 27.Nxc8 Rxc8 28.Bxh6 Bxb2
29.Ne5+ Bxe5 30.Rxe5 Ne6 31.Be3 Kc6 32.d4 b5 33.h4 Rd8 34.b4 Ra8 35.h5 gxh5
36.d5+ Kd6 37.Rxh5 Ra1+ 38.Kg2 Ng7 39.Bc5+ Kd7 40.Rh7  1-0

[Event "Baden Casino op"]
[Site "Baden"]
[Date "1999.04.08"]
[Round "7"]
[White "Eidinger, Helmut"]
[Black "Xheladini, Mahmut"]
[Result "1-0"]
[WhiteElo "2165"]
[BlackElo "2280"]

1.g3 d5 2.Nf3 c5 3.Bg2 d4 4.O-O Nc6 5.c3 e5 6.cxd4 cxd4 7.d3 Bd6 8.Nbd2 Nf6
9.Nc4 Bc7 10.Bg5 h6 11.Bxf6 Qxf6 12.Rc1 O-O 13.Qb3 Re8 14.Nfd2 Rb8 15.Qa3 Qg6
16.Ne4 Rd8 17.b4 a6 18.Nc5 Bg4 19.Nxb7 Rxb7 20.Qxa6 Ra7 21.Qxc6 Qxc6 22.Bxc6 Bxe2
23.Rfe1 Bxd3 24.Nxe5 Bxe5 25.Rxe5 Rxa2 26.b5 Rb2 27.Rd1 Bc4 28.Rc5 Be6 29.Rcc1 d3
30.Rb1 Rxb1 31.Rxb1 d2 32.Bf3 Bf5 33.Ra1 Bd3 34.b6 Re8 35.Kg2 Re1 36.Bd1 Bf1+
37.Kf3 Bd3 38.Kg4 Be2+  1-0

[Event "Baden Casino op"]
[Site "Baden"]
[Date "1999.04.08"]
[Round "7"]
[White "Hickl, Joerg"]
[Black "Romanishin, Oleg M"]
[Result "1/2-1/2"]
[WhiteElo "2575"]
[BlackElo "2572"]

1.g3 d5 2.Nf3 g6 3.Bg2 Bg7 4.O-O e5 5.d3 Nc6 6.e4 dxe4 7.dxe4 Qxd1 8.Rxd1 Bg4
9.c3 Nf6 10.h3 Be6 11.Nbd2 h6 12.b4 O-O-O 13.Bb2 Nd7 14.Bf1 Nb6 15.a4 a5
16.Rdc1 Nb8 17.Rc2 Na6 18.bxa5 Nd7 19.Ba3 Ndc5 20.Kg2 Rhe8 21.Bb5 c6 22.Be2 Nd3
23.Ne1 Ndc5 24.Nef3 Nd3 25.Ne1 Ndc5  1/2-1/2

[Event "Mitropa Cup"]
[Site "Baden"]
[Date "1999.04.09"]
[Round "8"]
[White "D'Amore, Carlo"]
[Black "Soln, Primoz"]
[Result "1-0"]
[WhiteElo "2460"]
[BlackElo "2425"]

1.Nf3 d5 2.g3 Nf6 3.Bg2 c6 4.d3 Bg4 5.Nbd2 Nbd7 6.O-O e6 7.b3 Be7 8.Bb2 O-O
9.h3 Bh5 10.e4 a5 11.a3 Qc7 12.Qe2 dxe4 13.dxe4 e5 14.Nc4 b5 15.Ne3 Rfe8
16.Rfd1 Bf8 17.a4 bxa4 18.Rxa4 Nb6 19.Raa1 Nxe4 20.g4 Bg6 21.Nxe5 Rxe5 22.Bxe5 Qxe5
23.Nf5 Bxf5 24.gxf5 Re8 25.Qxe4 Qxe4 26.Bxe4 Rxe4 27.Rxa5 Re8 28.Ra7 Nd5
29.c4 Nc3 30.Rdd7 f6 31.b4 Ne4 32.c5 Nc3 33.Rab7 Nb5 34.Rb6 Rc8 35.Kg2 g6
36.Rbb7 gxf5 37.Rxh7 Nd4 38.Rhf7 f4 39.Rxf6 f3+ 40.Kg3 Rd8 41.Kg4 Re8 42.Rd7 Nc2
43.Rxc6 Nxb4 44.Rg6+ Kh8 45.c6 Re4+ 46.Kxf3 Rc4 47.c7 Nc6 48.Re6 Ne5+ 49.Rxe5 Rxc7
50.Rd8  1-0

[Event "Hampstead GM 5th"]
[Site "London"]
[Date "1999.04.10"]
[Round "4"]
[White "McNab, Colin Anderson"]
[Black "Ippolito, Dean"]
[Result "1/2-1/2"]
[WhiteElo "2418"]
[BlackElo "2336"]

1.Nf3 d5 2.g3 Bg4 3.Bg2 Nd7 4.d3 c6 5.h3 Bh5 6.O-O e5 7.e4 dxe4 8.dxe4 Ngf6
9.Qe1 Bc5 10.b4 Be7 11.Nh4 Bg6 12.Bd2 Qb6 13.Bc3 Nh5 14.Nxg6 hxg6 15.Kh2 g5
16.a4 c5 17.bxc5 Qe6 18.Na3 a6 19.Qe2 Rc8 20.Rfd1 Bxc5 21.Nc4 Be7 22.Rd5 Nhf6
23.Kg1 Qc6 24.Bf1 Nxd5 25.exd5 Qxd5 26.Rd1 Qe6 27.Rb1 b6 28.Qe4 O-O 29.Ba1 Rc5
30.Ne3 Nf6 31.Qb7 b5 32.axb5 axb5 33.Rxb5 Rxb5 34.Qxb5  1/2-1/2

[Event "Golden Cleopatra op 3rd"]
[Site "Cairo"]
[Date "1999.04.12"]
[Round "2"]
[White "Sorial, Hanna"]
[Black "Abou el Zein, Eid Mahmoud"]
[Result "1/2-1/2"]
[WhiteElo "2266"]
[BlackElo "2324"]

1.Nf3 d5 2.g3 Bf5 3.Bg2 Nf6 4.O-O e6 5.d3 h6 6.b3 Be7 7.Bb2 O-O 8.Nbd2 Nbd7
9.Qe1 c6 10.e4 Bh7 11.h3 a5 12.a3 a4 13.b4 Qb6 14.c4 dxe4 15.dxe4 Rfd8 16.e5 Ne8
17.Ne4 Qc7 18.Qe2 g5 19.Rad1 Bf8 20.Nfxg5 hxg5 21.Nxg5 Bg7 22.f4 Nb6 23.Be4 Bxe4
24.Qxe4 Qe7 25.h4 Rxd1 26.Rxd1 Rd8 27.Re1 Qd7 28.Qh7+ Kf8 29.Qh5 Qe7 30.Nh7+ Kg8
31.f5 exf5 32.Re2 Nc7 33.Nf6+ Kf8 34.Nh7+ Kg8 35.Nf6+  1/2-1/2